• 首页
  • 本馆介绍
  • 公告通知
  • 最新文献
  • 馆藏检索
  • 电子资源
  • 读者导购
  • 参考咨询
  • 我的图书馆
  • 登录
  • 详细信息显示
  • 放入我的书架
  • 预约/预借图书
  • 作者相关作品
  • 分类相关作品
  • 丛书相关作品
  • 出版社相关作品

书目信息

  • 表格格式
  • 工作单格式
  • 卡片格式
题名:
八年抗战中的国民党军队
    
 
作者: 何桂宏 著 ;郑德良 著
分册:  
出版信息: 北京   台海出版社  2011.10
页数: 334页
开本: 25cm
丛书名:
单 册:
中图分类: K265.210.6
科图分类:
主题词: 抗日战争时期战役战斗
电子资源:
ISBN: 978-7-80141-851-7
000 00925nam0 2200265 450
001 010700114215
005 20131014110443.59
010    @a978-7-80141-851-7@dCNY39.80
100    @a20120202d2011 em y0chiy0110 ea
101 0  @achi
102    @aCN@b110000
105    @ay z 000yy
106    @ar
200 1  @a八年抗战中的国民党军队@9ba nian kang zhan zhong de guo min dang jun dui@e1937~1945@f何桂宏,郑德良著
210    @a北京@c台海出版社@d2011.10
215    @a334页@c照片@d25cm
330    @a本书内容包括:国民党军队奋起抗击日寇、将日寇拖在上海南京、迎来抗战相持阶段、三湘大地筑起天炉、相持阶段的大会战等。
601 02 @a国民党军@x抗日战争时期战役战斗@z1937-1945@j史料
601 02 @a国民党军
606 0  @a抗日战争时期战役战斗
690    @aK265.210.6@v5
701  0 @a何桂宏@9he gui hong@f(1968~)@4著
702  0 @a郑德良@9zheng de liang@4著
801  0 @aCN@bNLC@c20120306
905    @b541077-81@dK265.210.6@e107@f5
    
    八年抗战中的国民党军队:1937~1945/何桂宏,郑德良著.-北京:台海出版社,2011.10
    334页:照片;25cm
    
    
    ISBN 978-7-80141-851-7:CNY39.80
    本书内容包括:国民党军队奋起抗击日寇、将日寇拖在上海南京、迎来抗战相持阶段、三湘大地筑起天炉、相持阶段的大会战等。
●
相关链接 在E读中查询图书 在五车中查询图书 在当当中查询图书 在豆瓣中查询图书


正题名:八年抗战中的国民党军队     索取号:K265.210.6/107         预约/预借

序号 登录号 条形码 馆藏地/架位号 状态 备注
1 541077   205410777   第二样本阅览室/ [索取号:K265.210.6/107] 在馆    
2 541078   205410786   密集书库-史法系/ [索取号:K265.210.6/107] 在馆    
3 541079   205410795   第二借阅区/ [索取号:K265.210.6/107] 在馆    
4 541080   205410802   第二借阅区/ [索取号:K265.210.6/107] 在馆    
5 541081   205410811   第二借阅区/ [索取号:K265.210.6/107] 在馆    
唐山师范学院图书馆 欢迎您!
大连网信软件有限公司© 版权所有